[Event "GER-ch 73th"]
[Site "Altenkirchen"]
[Date "2001.12.02"]
[Round "3"]
[White "Lobron, Eric"]
[Black "Prusikin, Michael"]
[Result "1/2-1/2"]
[WhiteElo "2524"]
[BlackElo "2506"]
[Annotator "Rogozenco,D"]
[PlyCount "54"]
[EventDate "2001.11.30"]
[EventType "swiss"]
[EventRounds "9"]
[EventCountry "GER"]
[SourceTitle "CBM 087"]
[Source "ChessBase"]
[SourceDate "2002.03.21"]
[SourceVersion "1"]
[SourceVersionDate "2002.03.21"]
[SourceQuality "1"]

1. e4 c5 2. Nf3 e6 3. c3 d5 4. exd5 Qxd5 5. d4 Nf6 6. Be3 cxd4 7. cxd4 Nc6 8.
Nc3 Qd6 9. a3 Be7 10. Bd3 b6 11. O-O O-O 12. Re1 Bb7 13. Bc2 {Usually White
plays Qe2 and Rad1 in this line. With the text move Lobron prepares Qd3.} (13.
Qe2 Rac8 14. Rad1 Rfd8 $11) 13... Ba6 {Preventing White's intention.} (13...
Rac8 14. Qd3 Rfd8 15. Rad1 $13) 14. Ne4 (14. b4 Rac8 15. Qd2 (15. b5 $6 Na5)
15... Nd5 16. Ne4 Qd8 17. Bb3 Bb7 18. Qd3 a5 19. b5 Nb8 20. Bc2 g6 21. Bh6 Re8
22. Rac1 Nd7 $11 {1/2-1/2 Myrvold,T-Ogaard,L/Gausdal 1994 (44)}) 14... Nxe4 15.
Bxe4 Bb7 {The maneuver Bb7-a6-b7 might appear to be waste of time, but in fact
Black achieved his goal. He traded a pair of knights, which is fairly
important. Normally against the isolani every exchange of pieces improves
one's position.} (15... Rac8 16. Qa4 Bb7 17. Ne5 $36) 16. Ne5 {Most principled
answer, using the pin on the long diagonal. However, in the end it leads to
further simplifications and draw.} f5 $5 (16... Nxe5 17. Bxb7 Rab8 18. Be4 $13)
17. Nxc6 (17. Bf3 Nxe5 18. Bxb7 Rab8 19. dxe5 (19. Ba6 $2 Ng4 $19 {[%cal Gb6b5]
}) (19. Bf3 Nxf3+ 20. Qxf3 Rbc8 $11 (20... f4 21. Bd2 Qxd4 22. Bc3 $44)) 19...
Qxd1 20. Rexd1 Rxb7 21. Rac1 $11) 17... fxe4 (17... Bxc6 18. Bf4 $1 (18. Bxc6
Qxc6 $11) 18... Qxf4 (18... Qd7 $2 19. Bxc6 Qxc6 20. Qb3 $18) 19. Bxc6 Rad8 20.
Rxe6 $16 {Despite the presence of the opposite-coloured bishops, Black can
face difficulties due to weaknesses of his pawn formation.}) 18. Nxe7+ Qxe7 $11
{White cannot attack black doubled pawns on the e-file, and either side can
hardly create threats.} 19. Qg4 Rac8 20. Rac1 (20. Bf4 {[%cal Gf4e5] brings
nothing:} Qf7 21. Bg3 Rc2 22. Rac1 Rfc8) 20... Qd7 21. h4 Qd5 22. Qg3 {/\ 23.
Rc7|^} (22. h5 $5 Qf5 23. Qh4 {[%cal Gh5h6]}) 22... Rc6 23. Rxc6 Bxc6 24. Rc1
Rc8 25. h5 (25. Bh6 Qxd4 26. Rxc6 Rxc6 27. Qb8+ Kf7 28. Qb7+ Kg6 29. Qxc6 Kxh6
30. Qxe6+ g6 $11) (25. b4 $5 a6 26. a4 $14) 25... Qxh5 {forcing a draw.} 26.
Rxc6 Qd1+ (26... Rxc6 {leads to draw as well:} 27. Qb8+ Kf7 28. Qb7+ Kf6 (28...
Kg6 29. Qxc6 Qd1+ 30. Kh2 Qh5+ 31. Kg3 $18) 29. Qxc6 Qd1+ 30. Kh2 Qh5+ 31. Kg3
Qg6+ 32. Kh4 Qxg2 33. Qb5 $8 Qh2+ 34. Kg4 Qg2+ $11) 27. Kh2 Qh5+ 1/2-1/2

[Event "EU-chT (Men) 13th"]
[Site "Leon"]
[Date "2001.11.13"]
[Round "7.1"]
[White "Salmensuu, Olli"]
[Black "Stefansson, Hannes"]
[Result "0-1"]
[WhiteElo "2436"]
[BlackElo "2575"]
[Annotator "Rogozenco,D"]
[PlyCount "48"]
[EventDate "2001.11.06"]
[EventType "team-swiss"]
[EventRounds "9"]
[EventCountry "ESP"]
[SourceTitle "CBM 086"]
[Source "ChessBase"]
[SourceDate "2002.02.05"]
[SourceVersion "1"]
[SourceVersionDate "2002.02.05"]
[SourceQuality "1"]
[WhiteTeam "Finland"]
[BlackTeam "Iceland"]
[WhiteTeamCountry "FIN"]
[BlackTeamCountry "ISL"]

1. e4 c5 2. Nf3 Nc6 3. c3 d5 4. exd5 Qxd5 5. d4 Nf6 6. dxc5 {Main idea of this
move is to exploit the exposed position of the black queen on and thus win
some time for developing pieces.} Qxc5 ({after} 6... Qxd1+ 7. Kxd1 {White will
protect the pawn with b2-b4 and in the practice Black didn't show yet a very
clear way to exploit White's weaknesses.}) 7. Na3 {The knight goes to b5,
which in most cases is unpleasant for Black.} (7. Be3) 7... Ng4 {Other moves
also dodn't seem to solve completely the opening problems.} (7... Bd7 8. Nb5
Qb6 9. Be3 Qa5 10. Be2 $14 {1-0 Vlassov,N-Afonin,A/Moscow 1998/ (56)}) (7...
Qa5 8. Bf4 Bg4 (8... Nd5 9. Nc4 Qd8 10. Nd6+ exd6 11. Qxd5 Be6 12. Qe4 Be7 13.
Bd3 d5 14. Qa4 O-O 15. O-O Bf6 16. Rad1 $14 {1/2-1/2 Rabiega,R-Kohlweyer,B/Bad
Woerishofen 1996 (50)}) 9. Be2 Nd5 10. Bd2 Rd8 11. c4 Ndb4 12. O-O a6 13. Nc2
e6 14. Ne3 Bxf3 15. Bxf3 Qc7 16. a3 Nd3 17. Bc3 Nde5 18. Bxc6+ Nxc6 19. Qg4 h5
20. Qe4 Ne7 21. Rad1 $36 {1-0 Mukhametov,E-Mikhaletz,L/Yalta 1995/ (34)}) 8.
Qe2 Bf5 9. Nb5 $2 {Looks like White mixed up the lines. After Black's answer
there is no more time for h2-h3.} (9. h3 {was necessary:} Nge5 (9... Nf6 10.
Nb5 O-O-O 11. Be3 Qd5 12. Nxa7+ Nxa7 13. Bxa7 Be4 14. a4 Bxf3 15. gxf3 e6 16.
a5 Nd7 17. Qc4+ $16 {1-0 Vysochin,S-Budnikov,O/Alushta 1999/ (39)}) (9... Bd3
10. Qxd3 $1 Qxf2+ 11. Kd1 {favours White.}) 10. Nxe5 (10. Be3 Qa5 11. Nxe5 $14)
10... Qxe5 11. Qxe5 Nxe5 12. Nb5 $14 {1-0 Nisipeanu,L-Dumitrache,D/Eforie Nord
1997/ (34)}) 9... O-O-O $36 10. Nfd4 (10. h3 Bd3 $19) (10. Nbd4 $142 e6 11. h3
Nge5 $36) 10... e6 11. Nxc6 (11. Nxf5 exf5 (11... Qxf5 {is a simpler way to
get advantage.}) 12. h3 (12. f3 Be7 $1 13. fxg4 Rhe8 $36) 12... Nxf2 $1 13. b4
(13. Be3 Nxh1 14. Bxc5 Bxc5 $19) (13. Qxf2 Re8+ 14. Be2 Qxb5) 13... Nxb4 14.
cxb4 Nd3+ 15. Qxd3 Qe5+ 16. Kf2 Rxd3 17. Bxd3 Bxb4 $19 {[%csl Rf2]}) 11... bxc6
12. Nd4 Rxd4 $1 {with almost equal material (just an exchange down for the
pawn) all Black's pieces are coming very quick. White must give up the second
pawn soon, which gives Black a material advantage too.} 13. cxd4 Qxd4 $17 {/-+.
} 14. a3 {When in such a position one must still spend time making pawn moves,
then things are really bad.} (14. Be3 Bb4+ 15. Bd2 Rd8 $19) 14... Bc5 15. Be3
Nxe3 16. fxe3 Qxe3 17. Qxe3 Bxe3 18. Ba6+ Kc7 19. Ke2 (19. Rd1 Bc2 {and the
rook must go back to a1.}) 19... Bd4 20. Rhe1 Be4 {domination by two bishops.}
21. Kf1 Bd5 22. Red1 $2 {continuing to give up material is hopeless. After
defending the pawn b2 Black has a huge advantage, but not winning on the spot.}
(22. Rab1 $142 $17) (22. Re2 Rb8 23. Rb1 Rb3 $17 {/-+.}) 22... Bxb2 23. Rab1
Rb8 24. Rd2 Bxa3 0-1

[Event "EU-chT (Men) 13th"]
[Site "Leon"]
[Date "2001.11.08"]
[Round "3.4"]
[White "Brynell, Stellan"]
[Black "Golubovic, Boris"]
[Result "1-0"]
[WhiteElo "2506"]
[BlackElo "2458"]
[Annotator "Rogozenco,D"]
[PlyCount "57"]
[EventDate "2001.11.06"]
[EventType "team-swiss"]
[EventRounds "9"]
[EventCountry "ESP"]
[SourceTitle "CBM 086"]
[Source "ChessBase"]
[SourceDate "2002.02.05"]
[SourceVersion "1"]
[SourceVersionDate "2002.02.05"]
[SourceQuality "1"]
[WhiteTeam "Sweden"]
[BlackTeam "Croatia"]
[WhiteTeamCountry "SWE"]
[BlackTeamCountry "CRO"]

1. e4 c5 2. Nf3 e6 3. c3 {It is well known that after 2. ... e6 the move 3.c3
limits Black's possibilities if comparing with 2.c3.} Nf6 (3... d5 4. exd5 exd5
5. d4 {This French-type of position is the only additional possibility for
Black after 2. ... e6 3.c3 (again, comparing to 2.c3), but not many Sicilian
players are ready to play it.}) 4. e5 Nd5 5. d4 cxd4 6. cxd4 d6 (6... b6) 7.
Bc4 Nc6 8. O-O Be7 9. exd6 {Going to the position with an isolated pawn on d4.
With black bishop on c8 and closed c8-h3 diagonal, Black has to solve many
problems before reaching complete equality.} Qxd6 10. Nc3 O-O (10... Nxc3 11.
bxc3 O-O {Comparing to the game, here White places the bishop on d3, not on b3:
} 12. Re1 b6 13. Ng5 Na5 $2 14. Bd3 h6 15. Qh5 f5 16. Nf3 Bf6 17. Ne5 Bb7 18.
Qg6 Rac8 19. Bxh6 Rxc3 20. Bxf5 {1-0 Ekstroem,R-Kutuzovic,B/Pula 2000}) 11. Re1
Rd8 12. Bb3 {White's bishop is useful both on the diagonal a2-g8 or b1-h7. The
good thing is that he can switch between these diagonals easily.} Nxc3 {
A common way of fighting against isolani - Black trades a piece and tries to
blockade the pawn pair c3-d4. But as it is often the case, White has an upper
hand in creating threats against king before Black consolidates.} 13. bxc3 b6 (
13... Na5 $142 14. Bc2 g6) 14. Ng5 $1 {The knight goes to e4, creating the
threat 15.Qh5 at the same time.} h6 (14... Na5 $2 15. Nxf7 Kxf7 16. Qf3+ Ke8
17. Qxa8 Bb7 18. Qxa7 Ra8 19. Qxa8+ Bxa8 20. Rxe6 $18 {[%cal Gc1a3]} Qd7 21.
Ba3 Nxb3 22. Rae1 $18) 15. Ne4 (15. Nxf7 $2 {doesn't work:} Kxf7 16. Qf3+ Kg8
17. Bf4 Rf8 $1 18. Bxd6 Rxf3 19. gxf3 Bxd6 20. Bxe6+ Bxe6 21. Rxe6 Rd8 $17)
15... Qc7 16. Qh5 Na5 $2 (16... Bf8 17. Re3 {with a very strong attack} (17.
Bxh6 gxh6 18. Nf6+ Kg7 19. Ng4 Qf4)) 17. Bxh6 $1 Nxb3 (17... gxh6 18. Qxh6 {
There is no defence against Re3-g3:} Nxb3 (18... f5 19. Bxe6+ $18) 19. Re3 ({
the simple} 19. axb3 {probably wins as well.}) 19... Nxa1 20. f4 $1 {and Rg3
next.}) 18. Qg4 g6 19. axb3 $18 {A pawn up and attack make White's position
easy winning.} Bb7 20. Re3 Rac8 21. Ng5 Bf6 22. Nxe6 $1 {Second blow - White
takes all the pawns one by one...} fxe6 23. Qxg6+ Bg7 24. Rg3 Rd7 25. Rxa7 Rb8
26. Qxe6+ Kf8 27. Rf3+ Rf7 28. Rxf7+ Qxf7 29. Qd6+ 1-0

[Event "EU-chT (Men) 13th"]
[Site "Leon"]
[Date "2001.11.11"]
[Round "6.3"]
[White "Pavasovic, Dusko"]
[Black "Votava, Jan"]
[Result "0-1"]
[WhiteElo "2526"]
[BlackElo "2503"]
[Annotator "Rogozenco,D"]
[PlyCount "108"]
[EventDate "2001.11.06"]
[EventType "team-swiss"]
[EventRounds "9"]
[EventCountry "ESP"]
[SourceTitle "CBM 086"]
[Source "ChessBase"]
[SourceDate "2002.02.05"]
[SourceVersion "1"]
[SourceVersionDate "2002.02.05"]
[SourceQuality "1"]
[WhiteTeam "Slovenia"]
[BlackTeam "Czech Republic"]
[WhiteTeamCountry "SLO"]
[BlackTeamCountry "CZE"]

1. e4 c5 2. c3 d5 3. exd5 Qxd5 4. d4 e5 5. Nf3 (5. dxe5 $142) 5... Nc6 6. Nbd2
{A rather doubtful line. Black can already fight for advantage.} exd4 7. Bc4
Qh5 ({also possible is} 7... Qf5 8. O-O Be6 9. Bxe6 fxe6 10. cxd4 O-O-O 11.
dxc5 Bxc5 12. Qe1 $1 $13 {1-0 Benjamin,J-Miladinovic,I/Yerevan 1996 (41)}) 8.
O-O Nf6 9. cxd4 cxd4 10. Nb3 {Here or on the next move White must give a check
on the e-file.} (10. Qe2+ Be7 11. Bb5 Be6 12. Nxd4 Qxe2 13. Nxe2 O-O 14. Nf4
Bf5 15. Nf3 Be4 {1/2-1/2 Dolezal,R-Turner,J/CZE 1996}) 10... Bg4 $1 $36 11.
Nbxd4 $2 (11. Qe1+ Be7 12. Nfxd4 Nxd4 13. Nxd4 Rd8 (13... O-O-O 14. Qxe7 Rxd4
15. Bxf7 $18) 14. Nb5 (14. Be3 O-O) (14. Nb3 $2 b5) 14... a6 (14... Qc5 15. b3
$16) 15. Nc7+ Kf8 $13) 11... O-O-O $1 {Suddenly White is in big trouble} 12.
Qc2 Rxd4 $1 ({Maybe White considered only} 12... Nxd4 $2 13. Nxd4 Rxd4 14. Be3
$1 (14. Bxf7+ Qc5) 14... Rd7 (14... Rxc4 15. Qxc4+ $16) 15. Bxf7+ Rc7 16. Qxc7+
Kxc7 17. Bxh5 Bxh5 18. Rac1+ Kd7 19. Bxa7 $14 {/+/-.}) 13. Nxd4 (13. Bxf7 Qc5
14. Nxd4 Nxd4 $17 {/-+.}) 13... Bd6 $1 {Thanks to this move Black wins time to
protect square c8.} (13... Nxd4 $2 14. Be6+ $1) 14. h3 (14. g3 Nxd4 15. Be6+
Kb8 $19 {and the rook protects square c8.}) 14... Qe5 ({Good enough was also} 
14... Nxd4) 15. f4 Qxd4+ 16. Kh1 Be6 (16... Ne4 {The following line shows that
computers became extremely strong these days:} 17. hxg4 h5 $1 (17... Ng3+ 18.
Kh2 Nxf1+ 19. Bxf1 Bxf4+ $19) 18. g5 Ng3+ 19. Kh2 Nxf1+ 20. Bxf1 Bxf4+ $19) 17.
Bxe6+ fxe6 18. Rd1 Qe4 {The safest way, typical for humans. Black is winning,
just that it will take longer now.} 19. Qxe4 Nxe4 20. Re1 Nc5 21. Be3 Re8 22.
Red1 Ne4 23. Rac1 Ng3+ 24. Kh2 Nf5 25. g4 Nxe3 26. Rxd6 Nd5 27. f5 Nc7 28. fxe6
Nxe6 29. Re1 Ncd8 30. Kg3 Kc7 31. Rd5 Nc6 32. Rh5 h6 33. g5 Ncd4 34. gxh6 gxh6
35. Rf1 Rg8+ 36. Kh2 Rg6 37. Rh4 Nc6 38. Rg4 Ng5 39. Rf2 Rd6 40. h4 Ne5 41.
Rc2+ Kd7 42. Ra4 Ngf3+ 43. Kg3 Nd4 44. Rf2 a6 45. Ra3 Ke6 46. Kh3 Nf5 47. Rb3
b5 48. a4 bxa4 49. Rb4 Rd3+ 50. Kh2 Nf3+ 51. Kh3 N3xh4+ 52. Kh2 Nf3+ 53. Kh3 a3
54. Ra4 Nd2+ 0-1

[Event "Samba Cup 2nd"]
[Site "Skanderborg"]
[Date "2005.10.15"]
[Round "2"]
[White "Hansen, Curt"]
[Black "Timofeev, Artyom"]
[Result "1/2-1/2"]
[WhiteElo "2607"]
[BlackElo "2658"]
[Annotator "Rogozenco,D"]
[PlyCount "58"]
[EventDate "2005.10.14"]
[EventType "tourn"]
[EventRounds "9"]
[EventCountry "DEN"]
[EventCategory "16"]
[SourceTitle "CBM 110"]
[Source "ChessBase"]
[SourceDate "2006.01.31"]
[SourceVersion "1"]
[SourceVersionDate "2006.01.31"]
[SourceQuality "1"]

1. e4 c5 2. c3 Nf6 3. e5 Nd5 4. Nf3 Nc6 5. Bc4 Nb6 6. Bb3 d5 7. exd6 Qxd6 8.
Na3 {This line became currently White's main weapon against 2...Nf6 first of
all thanks to the efforts of S.Tiviakov. White delays the advance d2-d4 in
order to avoid certain theoretical variations.} ({If first} 8. d4 cxd4 {
and then} 9. Na3 {Black equalizes with} dxc3 $11) 8... Be6 9. d4 Bxb3 (9...
cxd4 10. Nb5 Qd7 11. Bxe6 Qxe6+ 12. Be3 Qd7 13. Nbxd4 e6 14. O-O Nc4 (14... Be7
15. Nxc6 $1 $14) 15. Qe2 Nxe3 16. fxe3 Be7 $14 {/~~}) 10. Qxb3 cxd4 11. Nb5 (
11. O-O e6 $1 (11... Qd5 12. Nb5 Rc8 13. Nbxd4 Nxd4 14. Nxd4 Qxb3 15. axb3 a6
16. b4 $14) 12. Nb5 Qd7 13. Nbxd4 Nxd4 14. Nxd4 Be7 {transposes to the game})
11... Qd7 12. Nbxd4 Nxd4 13. Nxd4 e6 (13... g6 14. O-O Bg7 15. Rd1 O-O 16. Nb5
Qc6 17. Be3 $14) (13... e5 14. Nf3 $11 {/+/=}) 14. O-O {White finished
development, while Black needs two more tempis to do so. Another factor in
White's favour is that after Rd1 Black's queen will be exposed on the d-file.
All this gives White hopes to fight for advantage. However, practice showed
that with precise defence Black is very close to equality.} (14. Bg5 Be7 15.
Bxe7 Qxe7 16. Qb5+ Qd7 17. Qxd7+ Kxd7 18. O-O-O Ke7 $11 {1/2-1/2 Hegde,
R-Geller,E/Coimbatore 1987 (21)}) 14... Be7 ({Another possibility is} 14... Bc5
15. Be3 Qc8 $5 (15... Bxd4 16. Bxd4 Qc6 17. f4 Nc4 18. Qc2 O-O $14 {1/2-1/2
Rabiega,R (2531)-Postler,R (2270)/Berlin 2004 (42)}) 16. Qb5+ Nd7 17. Rad1 a6
18. Qd3 Nf6 19. Bg5 Be7 20. Rfe1 Qc7 $11 {1-0 Janovsky,S (2492)-Bratovic,B 
(2332)/Ljubjana 2004/CBM 101 ext (56)}) 15. Rd1 (15. Bf4 O-O 16. Rad1 Qa4 17.
Qxa4 Nxa4 18. Bc1 Rfd8 $11 {1/2-1/2 Gomolla,P-Lang,M (2310)/Wuerttemberg 1997 
(38)}) 15... O-O (15... Rd8 16. Be3 Nd5 17. Nb5 a6 18. c4 axb5 19. cxd5 O-O (
19... exd5 $2 20. Bb6 $18) 20. dxe6 Qxe6 21. Rxd8 Rxd8 22. Qxb5 $16) (15... Qd5
16. Nb5 $16) 16. Nf5 (16. Be3 Qc8 17. Nb5 Bc5 $11) (16. Nb5 Qc6 17. Be3 Bc5 $11
) 16... Qc7 17. Nxe7+ Qxe7 {Normally with the bishop versus knight and pawns
on both wings White can claim some advantage, but here his edge is
insignificant, since he can hardly improve his position or create any real
threats (there are no targets for attack). The open d-file will most likely
lead to further exchanges and a draw.} 18. Be3 (18. Bf4 Rfd8 $14 {/=}) (18. Rd3
Rfd8 19. Rg3 Kh8 20. Be3 Nd5 21. Bd4 e5 22. Re1 f6 $11 {0-1 Mitrovic,P (2355)
-Pavlovic,D (2370)/Becici 1993 (42)}) 18... Nd5 19. Bd4 Rfd8 (19... b6 20. c4
$14 {Halasz,T-Tischbierek,R/Balatonbereny 1984}) 20. Rd2 $146 (20. c4 Nb4 21.
Qc3 (21. Be3 Nc6 22. Qc3 Rac8 23. b3 Rd7 24. Rxd7 Qxd7 $11 {1/2-1/2 Schuchardt,
G-Gutop,Y/ICCF corr 1983 (51)}) 21... f6 22. a3 Nc6 23. Be3 Rxd1+ 24. Rxd1 Rd8
25. Rd2 a6 26. h3 $11 {1/2-1/2 Janovsky,S (2490)-Prasad,D (2405)/Koszalin 1998
(36)}) 20... a6 {Besides removing the pawn from a7, Black also prepares the
advance ...b5, securing square d5 for the knight.} 21. c4 (21. Rad1 b5 22. a4 (
22. c4 bxc4 23. Qxc4) 22... Qe8 $5 23. Ra1 (23. axb5 axb5 24. c4 bxc4 25. Qxc4
Rdb8 $5 $11) 23... Qc6 $11) 21... Nf4 22. Qe3 ({After} 22. Re1 Qg5 (22... Rac8
$5) 23. Qg3 {Black cannot use the vulnerability of rook d2 in view of White's
attack on g7. However, the endagme is about equal:} Qxg3 24. hxg3 Ng6 25. Red1
b5 $1 26. c5 (26. cxb5 axb5 27. a3 Ne7 $11) 26... Ne7) (22. g3 $4 Rxd4 23. Rxd4
Ne2+ $19) (22. Qf3 e5 23. Be3 (23. Re1 Qg5 24. Be3 Rxd2 25. Bxd2 Nh3+ 26. Qxh3
Qxd2 27. Qe3 $11) 23... Rxd2 24. Bxd2 Ne6 25. Bc3 f6 26. Rd1 Rd8 27. Rd5 Nf4
$11) 22... e5 $1 {All of a sudden White must play accurately to save himself.}
23. g3 $1 (23. Re1 $2 Qg5 24. g3 Nh3+ 25. Kg2 exd4 $19) (23. Bc3 Rxd2 24. Qxd2
Rd8 25. Qe3 f6 $15 {The control of the d-file secures Black an edge}) 23...
Nh3+ 24. Kg2 Nxf2 25. Qxf2 (25. Bxe5 $4 Ng4 $19) 25... Rxd4 26. Rxd4 exd4 27.
Qxd4 Qe2+ (27... Rd8 28. Re1 $1 $11) 28. Kg1 $11 h5 29. Rf1 Re8 1/2-1/2